Представление документа в формате RUSMARC

ПолеНазваниеЗначение
  Тип записи a
  Библиографический уровень m
001 Контрольный номер UONB/MAIN/56ae556e772443f7b1dd6e4cef2be547
005 Дата корректировки 20260401111214.6
010 Индекс ISBN __
d Цена 8 р.
100 Данные общей обработки __
a Данные общей обработки 20260305d1919 u y0rusy0189 ca
101 Язык документа 0_
a Язык текста rus
102 Страна публикации __
a Страна публикации RU
105 Кодированные данные (монография) __
a Кодированные данные (монография) y z 000yy
200 Заглавие и сведения об ответственности 1_
a Заглавие Николай I и декабристы
f Первые сведения об ответственности П. Е. Щеголев
e Сведения, относящиеся к заглавию очерки
203 Вид содержания и тип средства __
a Вид содержания Текст
b Характеристика содержания визуальный
c Тип средства непосредственный
210 Выходные данные 1_
a Место издания Петроград
c Издательство Былое
d Дата издания 1919
215 Физическое описание __
a Объем 62 с.
d Формат 23 см
225 Серия 1_
a Серия Былое - историческая библиотека
600 Персоналии _1
a Персоналии (Фамилия) Николай I (имп.)
606 Тематические рубрики 0_
a Основная рубрика Декабристы
610 Ключевые слова 0_
a Ключевые слова декабристы; Николай I
675 Индекс УДК __
a Индекс УДК 9(С)15
686 Индексы других классификаций __
a Классификационный индекс 63.3(2)472-532
2 Код системы rubbk
700 Автор _1
a Фамилия Щеголев
b Имя (инициалы) П. Е.
g Полное личное имя Павел Елисеевич
801 Источник записи _0
a Страна RU
b Организация Ульяновская ОНБ
c Дата составления 20260305
g Правила каталогизации RCR
801 Источник записи _1
a Страна RU
b Организация Ульяновская ОНБ
c Дата составления 20260305
g Правила каталогизации RCR
901 Тип документа __
t Тип документа m
909 Создатель записи __
a Создатель записи Романова М. А.
b Дата создания записи 20260305